Loading...
| History - European History | 1 | 3 | 0 | 0 | 45 | 48 | 86.00 | 1 | 4 |
| Literature - European Literature | 1 | 0 | 0 | 0 | 15 | 49 | 49.00 | 1 | 1 |
| Science - Biology | 0 | 1 | 0 | 0 | 10 | 99 | 99.00 | 0 | 1 |
| Mythology | 0 | 1 | 0 | 0 | 10 | 88 | 88.00 | 1 | 1 |
| Religion- Edited | 0 | 1 | 0 | 0 | 10 | 115 | 115.00 | 0 | 1 |
| Literature - World Literature | 0 | 1 | 1 | 0 | 5 | 156 | 156.00 | 0 | 1 |
| Literature - British Literature | 0 | 0 | 0 | 0 | 0 | 0.00 | 0 | 0 | |
| Science - Chemistry | 0 | 0 | 0 | 0 | 0 | 0.00 | 0 | 0 | |
| Social Science | 0 | 0 | 1 | 0 | -5 | 0.00 | 0 | 0 | |
| History - Other History | 0 | 1 | 3 | 0 | -5 | 103 | 103.00 | 0 | 1 |
| Religion | 0 | 0 | 1 | 0 | -5 | 0.00 | 0 | 0 | |
| History - American History | 0 | 0 | 2 | 0 | -10 | 0.00 | 0 | 0 | |
| History - World History | 0 | 0 | 3 | 0 | -15 | 0.00 | 0 | 0 |